| 000 | 00883nam a22002657a 4500 | ||
|---|---|---|---|
| 001 | BR7000195 | ||
| 003 | BR-BrBNA | ||
| 005 | 20230928083555.0 | ||
| 007 | ta | ||
| 008 | 230509b bl.||||| |||| 00| 0 por d | ||
| 040 |
_aBR-BrBNA _bpor _cBiblioteca Nacional de Agricultura |
||
| 041 | _a(Por) | ||
| 072 |
_aF30 _b0230 _b/G352 _b/G500 _b/G345 |
||
| 090 | _ 0230 BR7000195 | ||
| 100 | 1 | _aRocha, A.M.C. | |
| 110 | 1 |
_aEstacao Experimental de Cana-de-Acucar de Alagoas, Maceio (Brasil) _94441 |
|
| 245 | 1 |
_aViagem de estudos e observacoes sobre a tecnica de obtencao e selecao de variedade de cana-de-acucar nas Americas e Antilhas (1)[Saccharum spp] _bno. 19 |
|
| 260 | 3 |
_aMaceio, AL (Brasil): _c1970. |
|
| 300 | _a[ca 90]p. | ||
| 650 | _aMELHORAMENTO GENETICO VEGETAL | ||
| 650 | _aCANA DE ACUCAR | ||
| 650 | _aVARIEDADE | ||
| 909 |
_a202309 _bLucia _c55 _dLucia Elande |
||
| 942 | _cBK | ||
| 999 |
_c14245 _d14245 |
||